| 000 | 00459nam a2200181Ia 4500 | ||
|---|---|---|---|
| 008 | 230711s9999||||xx |||||||||||||| ||und|| | ||
| 020 | _a978-93-80931-20-3 | ||
| 041 | _aENG | ||
| 082 |
_a615.7 _bLA-E |
||
| 100 | _aLaurence,D.R | ||
| 245 | 0 | _aEvaluation of drug activities: pharmacometrics : V-II | |
| 250 | _a1st Ed. | ||
| 260 |
_c1964 _aAmsterdam _bAcademic Press |
||
| 300 | _a459-898p. | ||
| 650 | _aPharmacy | ||
| 700 | _aBacharach,A.L | ||
| 942 | _cBK | ||
| 999 |
_c7040 _d7040 |
||